Statistics for Animals_IT

Click here to take the quiz!

General Stats

  • This quiz has been taken 10 times
  • The average score is 27 of 93

Answer Stats

EnglishItalian% Correct
buffalo (bison)il bisonte
100%
buffaloil bufalo
100%
batil pipistrello
100%
badgeril tasso
100%
alligatorl'alligatore
100%
antelopel'antilope
100%
bearl'orso
100%
birdl'uccello
100%
camelil cammello
75%
catil gatto
75%
chickenil pollo
75%
bullil toro
75%
chimpanzeelo scimpanzé
75%
dogil cane
50%
(roe) deeril capriolo
50%
deeril cervo
50%
crocodileil coccodrillo
50%
coyoteil coyote
50%
dolphinil delfino
50%
crabil granchio
50%
koalail koala
50%
llamail lama
50%
lionil leone
50%
leopardil leopardo
50%
fishil pesce
50%
goldfishil pesce rosso
50%
goatla capra
50%
griaffela giraffa
50%
lizardla lucertola
50%
cowla mucca
50%
duckl'anatra
50%
eaglel'aquila
50%
frogla rana
50%
donkeyl'asino
50%
foxla volpe
50%
elephant (m.)l'elefante
50%
elephant (f.)l'elefantessa
50%
goosel'oca
50%
kangarooil canguro
25%
horseil cavallo
25%
hamsteril criceto
25%
gorillail gorilla
25%
guinea pig (long form)il porcellino d'India
25%
dovela colomba
25%
eell'anguilla
25%
lobsterl'aragosta
25%
monkeyla scimmia
25%
hippopotamusl'ippopotamo
25%
squidil calamaro
0%
seahorse (long form)il cavalluccio marino
0%
rabbitil coniglio
0%
roosteril gallo
0%
owlil gufo
0%
wolfil lupo
0%
pigil maiale
0%
pandail panda
0%
sharkil pescecane
0%
goldfishil pesce dorato
0%
woddpeckeril picchio
0%
pigeonil piccione
0%
penguinil pinguino
0%
octopus (m.)il polpo
0%
pigil porco
0%
raccoonil procione
0%
ratil ratto
0%
hedgehogil riccio
0%
rhinocerosil rinoceronte
0%
toadil rospo
0%
snakeil serpente
0%
turkeyil tacchino
0%
mouseil topo
0%
walrusil tricheco
0%
whalela balena
0%
guinea pigla cavia
0%
sealla foca
0%
moosel'alce
0%
harela lepre
0%
otterla lontra
0%
jellyfishla medusa
0%
skunkla moffetta
0%
stingrayla pastinaca
0%
sheepla pecora
0%
octopus (f.)la piovra
0%
reinderla renna
0%
starfishla stella di mare
0%
tortoisela tartaruga
0%
turtlela testuggine
0%
tigerla tigre
0%
zebrala zebra
0%
hyenal'iena
0%
seahorsel'ippocampo
0%
squirrello scoiattolo
0%
sharklo squalo
0%

Score Distribution

Percentile by Number Answered

Percent of People with Each Score

Your Score History

You have not taken this quiz